000 00748nas a2200229 4500
001 BR7903952
003 BR-BrBNA
005 20231205083814.0
007 ta
008 230509b bl.|||p| |||| 00| 00por d
040 _aBR-BrBNA
_bpor
_cBiblioteca Nacional de Agricultura
041 _a(Pt)
072 _aK50
100 1 _aMoraes, V.H.F.
245 1 _aParaquat, oleos vegetais, cobre e outros elementos como estimulantes da producao de latex da seringueira [Hevea brasiliensis]
650 _aINDUSTRIA FLORESTAL
650 _aSERINGUEIRA
650 _aLATEX
773 0 _tPesquisa Agropecuaria Brasileira (Brazil)
_xISSN 0100-204X
_g(1978), v. 13(4) p. 17-26
_wBR7903952
909 _a202311
_bLúcia
_c55
_dLúcia Elande
942 _2AGRIS
_n0
_cANA
999 _c101308
_d101308